000 01188cam a2200289 a 4500
999 _c25618
_d25618
001 2085984
003 OSt
005 20170201083109.0
008 950518s1996 paua b s001 0 eng
010 _a 95004879
020 _a0271015276 (alk. paper)
040 _aDLC
_cDLC
_dDLC
050 0 0 _aND192.M63
_bC37 1996
082 0 0 _a750/.1
_220
100 1 _aCarrier, David,
_d1944-
245 1 0 _aHigh art :
_bCharles Baudelaire and the origins of modernist painting /
_cDavid Carrier.
260 _aUniversity Park, Pa. :
_bPennsylvania State University Press,
_cc1996.
300 _axx, 220 p. :
_bill. ;
_c24 cm.
504 _aIncludes bibliographical references (p. [201]-216) and index.
600 1 0 _aBaudelaire, Charles,
_d1821-1867
_xCriticism and interpretation.
650 0 _aPainting
_xPhilosophy.
650 0 _aModernism (Art)
906 _a7
_bcbc
_corignew
_d1
_eocip
_f19
_gy-gencatlg
942 _2lcc
_cBOOKS
_hND 192 .M63C37 1996